000 01342cam a2200313 a 4500
999 _c129614
_d129614
001 17367010
003 ARRUPE
005 20190521113758.0
008 120629s2013 enk b 001 0 eng
010 _a 2012026860
020 _a9780415436212 (hardback : alk. paper)
020 _a9780415436229 (pbk. : alk. paper)
020 _a9780203073803 (ebook)
040 _aDLC
_cDLC
_dDLC
042 _apcc
050 0 0 _aBD417
_b.N66 2012
082 0 0 _a121/.68
_223
100 1 _aNoonan, Harold W.
_93780
245 1 4 _aThe Routledge philosophy guidebook to Kripke and Naming and necessity /
_cHarold Noonan.
260 _aNew York :
_bRoutledge,
_c2013.
300 _aviii, 237 p. ;
_c21 cm.
490 0 _aRoutledge philosophy guidebooks
504 _aIncludes bibliographical references (p. [227]-230) and index.
600 1 0 _aKripke, Saul A.,
_d1940-
_tNaming and necessity.
_946433
650 0 _aNecessity (Philosophy)
_911386
650 0 _aReference (Philosophy)
_934376
650 0 _aIdentity (Philosophical concept)
_91396
906 _a7
_bcbc
_corignew
_d1
_eecip
_f20
_gy-gencatlg
942 _2lcc
_cMONOGRAPH